প্যালেস্টাইন কমান্ডো ও আরাফাৎ / (Record no. 65358)
[ view plain ]
| 000 -LEADER | |
|---|---|
| fixed length control field | 00752nam a2200217 a 4500 |
| 001 - CONTROL NUMBER | |
| control field | 65358 |
| 003 - CONTROL NUMBER IDENTIFIER | |
| rucl marc code | BD-RjUL |
| 005 - DATE AND TIME OF LATEST TRANSACTION | |
| control field | 20211209081419.0 |
| 008 - FIXED-LENGTH DATA ELEMENTS--GENERAL INFORMATION | |
| fixed length control field | 170305s1973 bg |||| |||| 000 0 ben d |
| 035 ## - SYSTEM CONTROL NUMBER | |
| System control number | (BD-RjUL)65488 |
| 040 ## - CATALOGING SOURCE | |
| Original cataloging agency | BD-RjUL |
| Language of cataloging | eng |
| Transcribing agency | BD-RjUL |
| 041 ## - LANGUAGE CODE | |
| Language code of text/sound track or separate title | eng |
| 082 ## - DEWEY DECIMAL CLASSIFICATION NUMBER | |
| Edition number | 23 |
| Classification number | 956.94 |
| Author mark and year | BEP 1973 |
| 100 ## - MAIN ENTRY--PERSONAL NAME | |
| Personal name | বেদুইন. |
| 9 (RLIN) | 193431 |
| 245 ## - TITLE STATEMENT | |
| Title | প্যালেস্টাইন কমান্ডো ও আরাফাৎ / |
| Statement of responsibility, etc. | বেদুইন. |
| 260 ## - PUBLICATION, DISTRIBUTION, ETC. (IMPRINT) | |
| Place of publication, distribution, etc. | কলিকাতা-৯ : |
| Name of publisher, distributor, etc. | পূর্বাচল, |
| Date of publication, distribution, etc. | ১৯৭৩. |
| 300 ## - PHYSICAL DESCRIPTION | |
| Pagination | ২৪৬ পৃ. ; |
| Size | ২২ সে. মি. |
| 651 ## - SUBJECT ADDED ENTRY--GEOGRAPHIC NAME | |
| Geographic name | ফিলিস্তিন |
| Form subdivision | ইতিহাস |
| 9 (RLIN) | 193432 |
| Geographic name | Palestine |
| Form subdivision | History |
| 9 (RLIN) | 193433 |
| 942 ## - ADDED ENTRY ELEMENTS (KOHA) | |
| Source of classification or shelving scheme | Dewey Decimal Classification |
| Koha item type | Books |
| Lost status | Source of classification or shelving scheme | Damaged status | Not for loan | Collection code | Permanent Location | Current Location | Shelving location | Date acquired | Source of acquisition | Cost, normal purchase price | Total Checkouts | Full call number | Date last seen | Copy number | Koha item type |
|---|---|---|---|---|---|---|---|---|---|---|---|---|---|---|---|
| Dewey Decimal Classification | Not For Loan | Non-fiction | Central Library, University of Rajshahi | Central Library, University of Rajshahi | Reading Room | 19/06/1990 | Prof. Shawkat Osman | 0.00 | B 956.94 BEP 1973 | 05/03/2017 | C-1 | Books |